| Tag |
First Indicator |
Second Indicator |
Subfields |
| LEADER |
00000cam a2200000 a 4500 |
| 001 |
in00001007262 |
| 005 |
20150927215045.0 |
| 008 |
890308s1989 enka b 00110 eng |
| 010 |
|
|
|a 89031661
|
| 020 |
|
|
|a 0198552904 :
|c £40.00 (est.)
|
| 020 |
|
|
|a 0198555547 (pbk.) :
|c £15.00 (est.)
|
| 035 |
|
|
|a (OCoLC)19512587
|
| 035 |
|
|
|9 AFD5686AM
|
| 040 |
|
|
|a DLC
|c DLC
|d UtOrBLW
|
| 041 |
1 |
|
|a eng
|h fre
|
| 049 |
|
|
|a TXAM
|
| 050 |
0 |
0 |
|a QC176
|b .G8513 1989
|
| 082 |
0 |
0 |
|a 530.4/1
|2 20
|
| 100 |
1 |
|
|a Guinier, André.
|
| 240 |
1 |
0 |
|a Matière à l'état solide.
|l English
|
| 245 |
1 |
4 |
|a The solid state :
|b from superconductors to superalloys /
|c André Guinier, Rémi Jullien ; translated from the French by W.J. Duffin.
|
| 264 |
|
1 |
|a [Chester? England] :
|b International Union of Crystallography ;
|a Oxford ;
|a New York :
|b Oxford University Press,
|c 1989.
|
| 300 |
|
|
|a viii, 271 pages :
|b illustrations ;
|c 25 cm.
|
| 336 |
|
|
|a text
|b txt
|2 rdacontent
|
| 337 |
|
|
|a unmediated
|b n
|2 rdamedia
|
| 338 |
|
|
|a volume
|b nc
|2 rdacarrier
|
| 490 |
1 |
|
|a International Union of Crystallography texts on crystallography ;
|v 1
|
| 500 |
|
|
|a Translation of: La matière à l'état solide.
|
| 504 |
|
|
|a Bibliography: page 264.
|
| 500 |
|
|
|a Includes index.
|
| 650 |
|
0 |
|a Solid state physics.
|
| 700 |
1 |
|
|a Jullien, R.
|
| 710 |
2 |
|
|a International Union of Crystallography.
|
| 830 |
|
0 |
|a International Union of Crystallography texts on crystallography ;
|v 1.
|
| 999 |
|
|
|a MARS
|
| 999 |
f |
f |
|s 79a0fd05-0d5f-31a9-b5f9-bbd391adf75c
|i 34abdc41-902c-3312-8ec9-fb22c61c2e77
|t 0
|
| 952 |
f |
f |
|p normal
|a Texas A&M University
|b College Station
|c Sterling C. Evans Library
|d Evans: Library Stacks
|t 0
|e QC176 .G8513 1989
|h Library of Congress classification
|i unmediated -- volume
|m A14814338161
|
| 998 |
f |
f |
|a QC176 .G8513 1989
|t 0
|l Evans: Library Stacks
|